Sports Quiz

Random Sports or World Quiz

World Snooker Champions Quiz Stats

 Plays Quiz Updated May 8, 2020

Support Sporcle.
Go Orange.
Score 0/45 Timer 05:00
0 Plays Today
Year Player % Correct
2020Ronnie O'Sullivan
97%
2012Ronnie O'Sullivan
93.8%
2013Ronnie O'Sullivan
93.8%
2001Ronnie O'Sullivan
92.3%
2004Ronnie O'Sullivan
92.3%
2008Ronnie O'Sullivan
92.3%
1990Stephen Hendry
91.4%
1992Stephen Hendry
91.4%
1993Stephen Hendry
91.4%
1994Stephen Hendry
91.4%
1995Stephen Hendry
91.4%
1996Stephen Hendry
91.4%
1999Stephen Hendry
91.4%
1981Steve Davis
90.8%
1983Steve Davis
90.8%
1984Steve Davis
90.8%
1987Steve Davis
90.8%
1988Steve Davis
90.8%
1989Steve Davis
90.8%
1998John Higgins
89.2%
2007John Higgins
89.2%
2009John Higgins
89.2%
1982Alex Higgins
88%
Year Player % Correct
2019Judd Trump
88%
2018Mark Williams
87.5%
2021Mark Selby
87.2%
2017Mark Selby
86.1%
2016Mark Selby
85.6%
2014Mark Selby
84.4%
2000Mark Williams
77.8%
2003Mark Williams
77.8%
1985Dennis Taylor
75.5%
2002Peter Ebdon
70.2%
1991John Parrott
69.1%
2005Shaun Murphy
69%
1997Ken Doherty
66.7%
2006Graeme Dott
66.1%
2015Stuart Bingham
65.6%
1978Ray Reardon
60.9%
2011John Higgins
57.7%
1980Cliff Thorburn
56.6%
2010Neil Robertson
53.4%
1979Terry Griffiths
50.5%
1986Joe Johnson
49.6%
1977John Spencer
36.5%

From the Vault

The Seven Kingdoms of Westeros

by CyanideNow

Is it just us, or does Westeros experience some weird weather patterns?
Remove Ads.
Support Sporcle.
Get the best of Sporcle when you Go Orange. This ad-free experience offers more features, more stats, and more fun while also helping to support Sporcle. Thank you for becoming a member.

Show Comments

Extras

Top Quizzes Today


Score Distribution

Your Account Isn't Verified!

In order to create a playlist on Sporcle, you need to verify the email address you used during registration. Go to your Sporcle Settings to finish the process.

Report this User

Report this user for behavior that violates our Community Guidelines.

Details: